000 00676nam a2200289Ia 4500
005 20260324133515.0
008 008 260324s9999 xx 000 0 eng d
020 _a9780203448397
037 _aEBOOK
040 _aCRL
040 _beng
040 _cCRL
041 _2eng
041 _aeng
084 _qCRL
100 _aJohn Connell; Chris Gibson
_91193358
245 0 _aSound Tracks
245 0 _bPopular Music Identity and Place
260 _bTaylor and Francis
260 _c2003
365 _a
365 _b300
856 _uhttp://www.taylorfrancis.com/books/9780203448397
942 _cEBOOK
999 _c1792452
_d1792452